The Journal of Legislative Studies (Record no. 407)

MARC details
000 -LEADER
fixed length control field 00366nam a22001337a 4500
008 - FIXED-LENGTH DATA ELEMENTS--GENERAL INFORMATION
fixed length control field 230605b xxu||||| |||| 00| 0 eng d
082 ## - DEWEY DECIMAL CLASSIFICATION NUMBER
Classification number 328.052
Item number JLS
110 ## - MAIN ENTRY--CORPORATE NAME
Date of meeting or treaty signing 2009
245 ## - TITLE STATEMENT
Title The Journal of Legislative Studies
Statement of responsibility, etc. Taylor & Francis
260 ## - PUBLICATION, DISTRIBUTION, ETC. (IMPRINT)
Place of publication, distribution, etc. United Kingdom
Name of publisher, distributor, etc. Taylor & Francis
Date of publication, distribution, etc. 2009
300 ## - PHYSICAL DESCRIPTION
Extent 556 p
440 ## - SERIES STATEMENT/ADDED ENTRY--TITLE
International Standard Serial Number 13572334
Number of part/section of a work 4
Name of part/section of a work December
Volume/sequential designation 15
942 ## - ADDED ENTRY ELEMENTS (KOHA)
Source of classification or shelving scheme Dewey Decimal Classification
Koha item type Books
Holdings
Withdrawn status Lost status Source of classification or shelving scheme Damaged status Not for loan Home library Current library Date acquired Total Checkouts Full call number Barcode Date last seen Price effective from Koha item type
    Dewey Decimal Classification     Bunge Tower Library Bunge Tower Library 06/05/2023   328.052 JLS 10015133 06/05/2023 06/05/2023 Books
LIBRARY OPENING HOURS

When the Parliament is sitting: 8.00a.m - 7.00p.m or until the house adjourns
Mondays and Fridays and when the House is on Recess:  8.00a.m - 5.00p.m
Closed on Weekends and Public Holidays

Online Public Access Catalog (OPAC)
Website: http://www.parliament.go.ke
Bunge Library: https://libraryir.parliament.go.ke
Contact: library@parliament.go.ke | Tel no: (254-2)2221291 or 2848000 Ext 5043